00405nam a22001337a 450000500170000001000130001703700130003008200060004310000250004924500610007426000540013527000500018930000320023920180718141542.0 aB-009612 bBPPD/PUB aS aBhattacharjee, Swati aThe cutthroat man and other storiescSwati Bhattacharjee c1999aNew DelhibVikas Publication House Pvt.Ltd. a576, Masjid road, JangpurabNew Delhie110014 c22cm(Hp)a100p.bB&W photos